000 00472nam a22001817a 4500
003 NUST - PNEC
005 20170116180821.0
008 150617b xxu||||| |||| 00| 0 eng d
020 _a0201568012
040 _cLIBRARY
082 _a512 JOH
100 _94085
_aJohnson, Lee W
245 _aIntroduction to linear algebra.
_cLee W. Johnson
260 _aNew York
_bAddison-Wesley
_cc1993.
300 _a534 p. :
650 _94086
_aMathemaatics
_xME
942 _2ddc
_cBK
999 _c63721
_d63721